La integracin̤ regional latinoamericana y europea en el siglo XXI marco para la reflexin̤ sobre su presente y futuro /

Detalles Bibliográficos
Autor principal: Giacalone, Rita
Otros Autores: Vieira Posada, Edgar, Parra, Fernanda Caballero
Formato: eBook
Lenguaje:español
Publicado: Bogot:̀ Ediciones Universidad Cooperativa de Colombia, 2019
Materias:
Acceso en línea:Acceso restringido

MARC

LEADER 00000nam a22000007a 4500
005 20200421151917.0
007 cr|||| ||||
008 200421s2019 co |||||s|||| 00||0 spa d
020 |a 978-958-760-206-7 
035 |a 31338 
040 |a vLex 
090 |c 10307  |d 10307 
100 1 |a Giacalone, Rita 
245 1 2 |a La integracin̤ regional latinoamericana y europea en el siglo XXI  |h [Recurso electrn̤ico] :  |b marco para la reflexin̤ sobre su presente y futuro /  |c Rita Giacalone, Edgar Vieira Posada, Fernanda Caballero Parra 
256 |a Servicio en ln̕ea 
260 |a Bogot:̀  |b Ediciones Universidad Cooperativa de Colombia,  |c 2019 
300 |a 1 recurso electrn̤ico 
500 |a Este libro abarca una serie de investigaciones que promueven reflexiones sobre dos temas en general: el marco de la integracin̤ regional en el siglo XXI y las situaciones presentes y futuras de la integracin̤ latinoamericana y europea. Los temas que se analizan en la primera parte incluyen una amplia gama de matices con respecto al proceso de integracin̤ regional, tanto desde la perspectiva de su situacin̤ actual, como de proposiciones que apuntan a canalizar su futuro. El anl̀isis de las caracters̕ticas y las implicaciones de los tratados de libre comercio destaca la existencia de posiciones ideologizadas, que entorpecen el debate acadm̌ico sobre la integracin̤ regional y el mismo proceso de integracin̤, ya que ese tiempo y esfuerzos podra̕n emplearse mejor en analizar, reflexionar y construir propuestas y recomendaciones viables. En la segunda parte encontramos una revisin̤ histr̤ica, actual y prospectiva de las relaciones entre el Mercosur y la Unin̤ Europea. Tanto el marco general de la primera seccin̤ como las situaciones concretas de la segunda muestran la riqueza y la variedad de las interpretaciones que se producen en la actualidad sobre la integracin̤ regional. Consideramos positiva la participacin̤ de acadm̌icos provenientes de distintos campos, disciplinas y distintas experiencias nacionales. A los de Argentina, Brasil, El Salvador, Mx̌ico, Uruguay y Venezuela, se agregan dos de la UE, mientras en las disciplinas que representan encontramos la ciencia polt̕ica, la economa̕, la historia, las relaciones internacionales y la sociologa̕. Ponemos en manos de los lectores un libro que busca incentivar la discusin̤ acerca de la integracin̤ regional de acuerdo con un marco de reflexin̤ que asume los temas importantes de ese proceso, desde perspectivas que reivindiquen algunas aristas ter̤icas y empr̕icas a veces descuidadas. 
506 1 |a Disponible solo en los productos indicados  |d vLex Global  |d vLex Global (Academic Edition, excluding Law Schools)  |d vLex Global (U.S. Academic Edition, Law Schools)  |d vLex Global (U.S. Academic Edition, excluding Law Schools)  |d vLex Global (Academic Edition, Law Schools) 
650 0 4 |a Derecho Pb︢lico y Administrativo  |z Colombia 
700 1 |a Vieira Posada, Edgar 
700 1 |a Parra, Fernanda Caballero 
740 0 |a vLex Libros (Servicio en ln̕ea) 
856 4 0 |u http://vlex.com/source/integracion-regional-latinoamericana-y-europea-en-el-siglo-xxi-marco-para-la-reflexion-sobre-su-presente-y-futuro-31338  |z Acceso restringido 
942 |c BOOK 
999 0 |a Public and Administrative Law